[Event "Russian Championship (Rapid, Men)"]
[Site "Sochi"]
[Date "2018.10.06"]
[Round "6.33"]
[White "Krylov, Mikhail"]
[Black "Derjabin, Ilja"]
[Result "1-0"]
[BlackElo "2305"]
[WhiteElo "2481"]
[LiveChessVersion "1.4.8"]

1. d4 {[%clk 0:15:18]} Nf6 {[%clk 0:14:48]} 2. c4 {[%clk 0:15:24]} d6
{[%clk 0:14:54]} 3. Nc3 {[%clk 0:15:24]} Bf5 {[%clk 0:15:02]} 4. Nf3
{[%clk 0:15:21]} h6 {[%clk 0:14:40]} 5. g3 {[%clk 0:15:10]} Ne4 {[%clk 0:13:29]}
6. Bd2 {[%clk 0:13:39]} Nxd2 {[%clk 0:12:47]} 7. Qxd2 {[%clk 0:13:44]} Nd7
{[%clk 0:12:49]} 8. Bg2 {[%clk 0:13:44]} c6 {[%clk 0:12:58]} 9. O-O
{[%clk 0:12:30]} Qc7 {[%clk 0:11:48]} 10. d5 {[%clk 0:09:52]} c5 {[%clk 0:11:14]}
11. e4 {[%clk 0:09:34]} Bh7 {[%clk 0:11:22]} 12. Rfe1 {[%clk 0:08:23]} g5
{[%clk 0:11:26]} 13. Nb5 {[%clk 0:08:04]} Qb6 {[%clk 0:11:22]} 14. e5
{[%clk 0:07:23]} a6 {[%clk 0:11:21]} 15. Nc3 {[%clk 0:06:51]} dxe5
{[%clk 0:09:00]} 16. Nxe5 {[%clk 0:06:50]} Nxe5 {[%clk 0:09:04]} 17. Rxe5
{[%clk 0:06:58]} Bg7 {[%clk 0:09:02]} 18. Re2 {[%clk 0:06:56]} O-O
{[%clk 0:08:43]} 19. Rxe7 {[%clk 0:06:46]} Bf6 {[%clk 0:08:50]} 20. Re2
{[%clk 0:04:56]} Rad8 {[%clk 0:08:54]} 21. Rae1 {[%clk 0:03:56]} Bd4
{[%clk 0:08:53]} 22. Ne4 {[%clk 0:02:44]} Bxe4 {[%clk 0:08:52]} 23. Bxe4
{[%clk 0:02:51]} Rfe8 {[%clk 0:08:35]} 24. b3 {[%clk 0:02:26]} Qf6
{[%clk 0:08:42]} 25. Bb1 {[%clk 0:02:06]} Rxe2 {[%clk 0:08:26]} 26. Rxe2
{[%clk 0:01:58]} Kg7 {[%clk 0:05:54]} 27. Kg2 {[%clk 0:01:45]} h5
{[%clk 0:05:20]} 28. h3 {[%clk 0:01:43]} g4 {[%clk 0:04:53]} 29. hxg4
{[%clk 0:01:31]} hxg4 {[%clk 0:05:02]} 30. Qf4 {[%clk 0:01:40]} Qxf4
{[%clk 0:04:59]} 31. gxf4 {[%clk 0:01:49]} Kf6 {[%clk 0:04:56]} 32. Kg3
{[%clk 0:01:54]} Rg8 {[%clk 0:04:53]} 33. Bh7 {[%clk 0:02:02]} Rh8
{[%clk 0:04:56]} 34. Be4 {[%clk 0:02:03]} Rg8 {[%clk 0:04:23]} 35. d6
{[%clk 0:01:51]} Rd8 {[%clk 0:04:07]} 36. Bxb7 {[%clk 0:01:58]} Rxd6
{[%clk 0:04:15]} 37. Kxg4 {[%clk 0:02:06]} a5 {[%clk 0:04:11]} 38. Re8
{[%clk 0:01:45]} Bxf2 {[%clk 0:04:12]} 39. Bd5 {[%clk 0:01:54]} Rd7
{[%clk 0:04:01]} 40. Ra8 {[%clk 0:01:54]} Be1 {[%clk 0:04:06]} 41. Ra6+
{[%clk 0:02:02]} Kg7 {[%clk 0:04:15]} 42. Rc6 {[%clk 0:02:03]} Bb4
{[%clk 0:04:18]} 43. f5 {[%clk 0:02:04]} f6 {[%clk 0:03:58]} 44. Kh5
{[%clk 0:02:00]} Re7 {[%clk 0:03:34]} 45. Be6 {[%clk 0:02:08]} Ra7
{[%clk 0:03:34]} 46. Rc8 {[%clk 0:02:12]} Re7 {[%clk 0:03:37]} 47. Kg4
{[%clk 0:02:01]} Ra7 {[%clk 0:03:40]} 48. Kh5 {[%clk 0:01:31]} Re7
{[%clk 0:03:49]} 49. Ra8 {[%clk 0:01:40]} Bc3 {[%clk 0:03:44]} 50. Kg4
{[%clk 0:01:48]} Rc7 {[%clk 0:03:16]} 51. Kf4 {[%clk 0:01:56]} Re7
{[%clk 0:02:47]} 52. Ke4 {[%clk 0:02:04]} Rc7 {[%clk 0:02:49]} 53. Kd5
{[%clk 0:02:13]} Bb4 {[%clk 0:02:52]} 54. Kd6 {[%clk 0:02:17]} Rb7
{[%clk 0:02:58]} 55. Rg8+ {[%clk 0:02:22]} Kh7 {[%clk 0:03:05]} 56. Rg6
{[%clk 0:02:29]} Rb6+ {[%clk 0:02:48]} 57. Kd5 {[%clk 0:02:26]} Rb8
{[%clk 0:02:25]} 58. Rxf6 {[%clk 0:02:25]} Rd8+ {[%clk 0:02:34]} 59. Kc6
{[%clk 0:02:20]} Rd2 {[%clk 0:02:37]} 60. Rf7+ {[%clk 0:02:19]} Kh6
{[%clk 0:02:45]} 61. a4 {[%clk 0:02:15]} Rb2 {[%clk 0:02:13]} 62. f6
{[%clk 0:02:07]} Bc3 {[%clk 0:02:07]} 63. Rf8 {[%clk 0:02:13]} Rf2
{[%clk 0:01:55]} 64. f7 {[%clk 0:02:19]} Bg7 {[%clk 0:01:50]} 65. Rg8
{[%clk 0:02:17]} Rf6 {[%clk 0:01:31]} 66. Kd7 {[%clk 0:02:03]} Kh7
{[%clk 0:01:29]} 67. Ke7 {[%clk 0:02:07]} 1-0

[Event "Russian Championship (Rapid, Men)"]
[Site "Sochi"]
[Date "2018.10.06"]
[Round "6.34"]
[White "Alexeev, Alexey"]
[Black "Sviridov, Valery"]
[Result "1-0"]
[BlackElo "2470"]
[WhiteElo "2283"]
[LiveChessVersion "1.4.8"]

1. e4 {[%clk 0:15:18]} Nf6 {[%clk 0:13:28]} 2. Nc3 {[%clk 0:15:25]} d6
{[%clk 0:13:35]} 3. d4 {[%clk 0:15:31]} c6 {[%clk 0:13:42]} 4. f4
{[%clk 0:15:34]} Qa5 {[%clk 0:13:49]} 5. e5 {[%clk 0:15:35]} Nd5 {[%clk 0:13:56]}
6. Bd2 {[%clk 0:14:38]} Qb6 {[%clk 0:14:02]} 7. Nxd5 {[%clk 0:13:59]} cxd5
{[%clk 0:14:09]} 8. Bc3 {[%clk 0:13:46]} Nc6 {[%clk 0:14:13]} 9. Qd2
{[%clk 0:13:04]} Bf5 {[%clk 0:14:03]} 10. Nf3 {[%clk 0:12:34]} e6
{[%clk 0:14:06]} 11. Be2 {[%clk 0:11:54]} Be7 {[%clk 0:13:52]} 12. O-O
{[%clk 0:11:49]} Rc8 {[%clk 0:13:40]} 13. a3 {[%clk 0:10:40]} O-O
{[%clk 0:13:42]} 14. Kh1 {[%clk 0:05:48]} a6 {[%clk 0:12:19]} 15. Rae1
{[%clk 0:05:01]} Qc7 {[%clk 0:12:11]} 16. Bd3 {[%clk 0:04:38]} Bxd3
{[%clk 0:11:52]} 17. Qxd3 {[%clk 0:04:46]} dxe5 {[%clk 0:11:52]} 18. fxe5
{[%clk 0:04:30]} b5 {[%clk 0:11:47]} 19. Re3 {[%clk 0:04:08]} Na5
{[%clk 0:11:21]} 20. Bxa5 {[%clk 0:03:50]} Qxa5 {[%clk 0:11:29]} 21. c3
{[%clk 0:03:49]} Qc7 {[%clk 0:11:36]} 22. Nd2 {[%clk 0:03:34]} a5
{[%clk 0:11:34]} 23. Rh3 {[%clk 0:03:22]} g6 {[%clk 0:11:42]} 24. Qe3
{[%clk 0:03:08]} Bd8 {[%clk 0:11:41]} 25. Rf6 {[%clk 0:02:52]} 1-0

[Event "Russian Championship (Rapid, Men)"]
[Site "Sochi"]
[Date "2018.10.06"]
[Round "7.1"]
[White "Antipov, Mikhail Al."]
[Black "Artemiev, Vladislav"]
[Result "0-1"]
[BlackElo "2764"]
[WhiteElo "2642"]
[LiveChessVersion "1.4.8"]

1. e4 {[%clk 0:15:19]} c6 {[%clk 0:15:14]} 2. d4 {[%clk 0:15:27]} d5
{[%clk 0:15:22]} 3. e5 {[%clk 0:15:36]} Bf5 {[%clk 0:15:30]} 4. h4
{[%clk 0:15:44]} h5 {[%clk 0:15:26]} 5. Bd3 {[%clk 0:15:53]} Bxd3
{[%clk 0:15:33]} 6. Qxd3 {[%clk 0:16:02]} Qa5+ {[%clk 0:15:42]} 7. Nd2
{[%clk 0:16:10]} e6 {[%clk 0:15:49]} 8. Ne2 {[%clk 0:16:19]} Ne7 {[%clk 0:15:03]}
9. O-O {[%clk 0:16:27]} Nf5 {[%clk 0:15:02]} 10. Nf3 {[%clk 0:16:36]} Qa6
{[%clk 0:15:10]} 11. Qd1 {[%clk 0:16:45]} c5 {[%clk 0:13:52]} 12. c3
{[%clk 0:16:54]} Nc6 {[%clk 0:13:45]} 13. Bg5 {[%clk 0:17:02]} cxd4
{[%clk 0:12:31]} 14. cxd4 {[%clk 0:17:08]} Be7 {[%clk 0:12:39]} 15. Ng3
{[%clk 0:15:59]} Bxg5 {[%clk 0:12:46]} 16. Nxf5 {[%clk 0:16:06]} Be7
{[%clk 0:12:55]} 17. Nxe7 {[%clk 0:15:23]} Nxe7 {[%clk 0:13:02]} 18. Rc1
{[%clk 0:15:27]} Nf5 {[%clk 0:09:59]} 19. Rc7 {[%clk 0:14:24]} O-O
{[%clk 0:10:07]} 20. Qb3 {[%clk 0:07:35]} b6 {[%clk 0:09:33]} 21. Rfc1
{[%clk 0:07:24]} Rac8 {[%clk 0:09:38]} 22. a4 {[%clk 0:07:11]} Rxc7
{[%clk 0:09:36]} 23. Rxc7 {[%clk 0:07:20]} Qe2 {[%clk 0:08:32]} 24. Qc2
{[%clk 0:02:16]} Nxd4 {[%clk 0:08:38]} 25. Qxe2 {[%clk 0:02:15]} Nxe2+
{[%clk 0:08:47]} 26. Kf1 {[%clk 0:02:24]} Nf4 {[%clk 0:08:56]} 27. b3
{[%clk 0:00:55]} a5 {[%clk 0:08:25]} 28. g3 {[%clk 0:01:04]} Nd3 {[%clk 0:08:26]}
29. Ke2 {[%clk 0:01:12]} Nc5 {[%clk 0:08:19]} 30. Nd4 {[%clk 0:01:21]} Kh7
{[%clk 0:07:55]} 31. Rc6 {[%clk 0:01:12]} Rb8 {[%clk 0:08:04]} 32. Ke3
{[%clk 0:01:12]} Kh6 {[%clk 0:07:31]} 33. f3 {[%clk 0:01:14]} Kh7
{[%clk 0:06:16]} 34. g4 {[%clk 0:00:49]} g5 {[%clk 0:06:01]} 35. hxg5
{[%clk 0:00:44]} hxg4 {[%clk 0:06:10]} 36. fxg4 {[%clk 0:00:39]} Kg6
{[%clk 0:06:19]} 37. Nf3 {[%clk 0:00:14]} Nxb3 {[%clk 0:06:28]} 38. Kf4
{[%clk 0:00:16]} Nc5 {[%clk 0:06:37]} 39. Nh4+ {[%clk 0:00:23]} Kg7
{[%clk 0:06:46]} 40. g6 {[%clk 0:00:22]} Nd3+ {[%clk 0:06:02]} 41. Kg5
{[%clk 0:00:31]} Nxe5 {[%clk 0:06:11]} 42. Rc7 {[%clk 0:00:40]} Rh8
{[%clk 0:05:51]} 43. Nf5+ {[%clk 0:00:15]} exf5 {[%clk 0:05:59]} 44. gxf5
{[%clk 0:00:24]} Rd8 {[%clk 0:05:21]} 45. Re7 {[%clk 0:00:27]} Rd6
{[%clk 0:05:30]} 46. Kf4 {[%clk 0:00:15]} Nxg6+ {[%clk 0:05:26]} 47. fxg6
{[%clk 0:00:24]} Rf6+ {[%clk 0:05:30]} 0-1

[Event "Russian Championship (Rapid, Men)"]
[Site "Sochi"]
[Date "2018.10.06"]
[Round "7.2"]
[White "Dubov, Daniil"]
[Black "Morozevich, Alexander"]
[Result "0-1"]
[BlackElo "2672"]
[WhiteElo "2697"]
[LiveChessVersion "1.4.8"]

1. Nf3 {[%clk 0:15:19]} d5 {[%clk 0:15:12]} 2. e3 {[%clk 0:15:27]} Nf6
{[%clk 0:15:03]} 3. c4 {[%clk 0:15:36]} c6 {[%clk 0:15:11]} 4. Nc3
{[%clk 0:15:44]} a6 {[%clk 0:15:20]} 5. d4 {[%clk 0:15:50]} b5 {[%clk 0:15:27]}
6. c5 {[%clk 0:15:33]} g6 {[%clk 0:15:28]} 7. h3 {[%clk 0:14:32]} Bg7
{[%clk 0:14:27]} 8. Bd3 {[%clk 0:14:40]} O-O {[%clk 0:14:20]} 9. O-O
{[%clk 0:14:48]} Nbd7 {[%clk 0:14:14]} 10. Re1 {[%clk 0:14:33]} Re8
{[%clk 0:11:24]} 11. e4 {[%clk 0:14:05]} b4 {[%clk 0:11:32]} 12. Na4
{[%clk 0:11:23]} dxe4 {[%clk 0:11:32]} 13. Bxe4 {[%clk 0:11:31]} Nxe4
{[%clk 0:11:40]} 14. Rxe4 {[%clk 0:11:39]} a5 {[%clk 0:10:17]} 15. Bg5
{[%clk 0:11:20]} h6 {[%clk 0:09:58]} 16. Bf4 {[%clk 0:10:52]} Ba6
{[%clk 0:09:28]} 17. Qc2 {[%clk 0:10:49]} Nf6 {[%clk 0:08:41]} 18. Ree1
{[%clk 0:10:56]} Nd5 {[%clk 0:08:49]} 19. Be5 {[%clk 0:10:52]} Bf8
{[%clk 0:07:56]} 20. Rad1 {[%clk 0:10:40]} Bb5 {[%clk 0:08:00]} 21. Bh2
{[%clk 0:10:08]} Bg7 {[%clk 0:07:53]} 22. Be5 {[%clk 0:09:55]} Bf8
{[%clk 0:07:55]} 23. Re4 {[%clk 0:09:22]} Ra7 {[%clk 0:05:07]} 24. Nb6
{[%clk 0:08:01]} e6 {[%clk 0:04:30]} 25. Nc4 {[%clk 0:07:30]} Bxc4
{[%clk 0:04:33]} 26. Qxc4 {[%clk 0:07:38]} f6 {[%clk 0:04:28]} 27. Bh2
{[%clk 0:07:29]} g5 {[%clk 0:04:34]} 28. Rde1 {[%clk 0:07:08]} Qc8
{[%clk 0:04:44]} 29. Bd6 {[%clk 0:06:50]} Bxd6 {[%clk 0:04:10]} 30. cxd6
{[%clk 0:06:58]} Qd7 {[%clk 0:04:19]} 31. Qc5 {[%clk 0:06:56]} Rb7
{[%clk 0:03:40]} 32. h4 {[%clk 0:06:02]} Rb5 {[%clk 0:03:20]} 33. Qc2
{[%clk 0:06:09]} Qxd6 {[%clk 0:03:26]} 34. hxg5 {[%clk 0:05:39]} hxg5
{[%clk 0:03:35]} 35. Rg4 {[%clk 0:05:13]} Ne7 {[%clk 0:03:03]} 36. Re5
{[%clk 0:03:49]} Rf8 {[%clk 0:02:20]} 37. Qe2 {[%clk 0:01:25]} Kf7
{[%clk 0:02:07]} 38. Nxg5+ {[%clk 0:00:37]} fxg5 {[%clk 0:02:16]} 39. Rgxg5
{[%clk 0:00:36]} Rh8 {[%clk 0:01:51]} 40. Rh5 {[%clk 0:00:16]} Rxh5
{[%clk 0:00:42]} 41. Qxh5+ {[%clk 0:00:25]} Ng6 {[%clk 0:00:44]} 42. Qh7+
{[%clk 0:00:20]} Kf6 {[%clk 0:00:54]} 43. Re4 {[%clk 0:00:23]} Rg5
{[%clk 0:00:43]} 44. f4 {[%clk 0:00:12]} Rf5 {[%clk 0:00:44]} 45. Qh6
{[%clk 0:00:11]} Rxf4 {[%clk 0:00:41]} 46. Rxf4+ {[%clk 0:00:13]} Qxf4 47. Qh7
{[%clk 0:00:20]} Qxd4+ {[%clk 0:00:56]} 0-1

[Event "Russian Championship (Rapid, Men)"]
[Site "Sochi"]
[Date "2018.10.06"]
[Round "7.3"]
[White "Alekseev, Evgeny"]
[Black "Tomashevsky, Evgeny"]
[Result "1/2-1/2"]
[BlackElo "2726"]
[WhiteElo "2655"]
[LiveChessVersion "1.4.8"]

1. e4 {[%clk 0:15:17]} e5 {[%clk 0:15:18]} 2. Nf3 {[%clk 0:15:24]} Nc6
{[%clk 0:15:26]} 3. Bc4 {[%clk 0:15:29]} Bc5 {[%clk 0:15:33]} 4. O-O
{[%clk 0:15:26]} Nf6 {[%clk 0:15:40]} 5. d3 {[%clk 0:15:32]} d6 {[%clk 0:15:48]}
6. c3 {[%clk 0:15:33]} a6 {[%clk 0:15:56]} 7. Bb3 {[%clk 0:15:25]} Ba7
{[%clk 0:15:37]} 8. Re1 {[%clk 0:14:37]} O-O {[%clk 0:15:34]} 9. h3
{[%clk 0:14:29]} h6 {[%clk 0:13:34]} 10. Nbd2 {[%clk 0:14:30]} Re8
{[%clk 0:13:42]} 11. Nf1 {[%clk 0:14:15]} Be6 {[%clk 0:13:50]} 12. Be3
{[%clk 0:14:15]} Bxb3 {[%clk 0:11:56]} 13. Qxb3 {[%clk 0:14:22]} Qd7
{[%clk 0:11:16]} 14. Bxa7 {[%clk 0:14:12]} Rxa7 {[%clk 0:11:07]} 15. Ne3
{[%clk 0:13:56]} Raa8 {[%clk 0:11:00]} 16. Rad1 {[%clk 0:13:15]} b6
{[%clk 0:10:46]} 17. Nh2 {[%clk 0:12:39]} Nd8 {[%clk 0:08:15]} 18. Nhg4
{[%clk 0:12:24]} Nxg4 {[%clk 0:08:22]} 19. hxg4 {[%clk 0:12:27]} Ne6
{[%clk 0:08:26]} 20. d4 {[%clk 0:11:25]} Qe7 {[%clk 0:04:56]} 21. Qc4
{[%clk 0:10:07]} a5 {[%clk 0:05:05]} 22. f3 {[%clk 0:06:09]} 1/2-1/2

[Event "Russian Championship (Rapid, Men)"]
[Site "Sochi"]
[Date "2018.10.06"]
[Round "7.4"]
[White "Sakaev, Konstantin"]
[Black "Oparin, Grigoriy"]
[Result "1/2-1/2"]
[BlackElo "2671"]
[WhiteElo "2654"]
[LiveChessVersion "1.4.8"]

1. Nf3 {[%clk 0:15:18]} Nf6 {[%clk 0:15:18]} 2. c4 {[%clk 0:15:26]} e6
{[%clk 0:15:26]} 3. Nc3 {[%clk 0:15:21]} c5 {[%clk 0:15:12]} 4. g3
{[%clk 0:15:29]} b6 {[%clk 0:15:03]} 5. Bg2 {[%clk 0:15:37]} Bb7 {[%clk 0:15:12]}
6. O-O {[%clk 0:15:44]} Be7 {[%clk 0:15:20]} 7. d4 {[%clk 0:15:43]} cxd4
{[%clk 0:15:28]} 8. Qxd4 {[%clk 0:15:51]} O-O {[%clk 0:15:28]} 9. Bg5
{[%clk 0:15:16]} h6 {[%clk 0:14:55]} 10. Be3 {[%clk 0:13:09]} d6 {[%clk 0:13:27]}
11. Rfd1 {[%clk 0:13:09]} Nbd7 {[%clk 0:13:35]} 12. Nh4 {[%clk 0:12:23]} Qc8
{[%clk 0:12:41]} 13. Rac1 {[%clk 0:11:52]} Rd8 {[%clk 0:12:31]} 14. b3
{[%clk 0:11:41]} 1/2-1/2

[Event "Russian Championship (Rapid, Men)"]
[Site "Sochi"]
[Date "2018.10.06"]
[Round "7.5"]
[White "Paravyan, David"]
[Black "Bocharov, Ivan"]
[Result "0-1"]
[BlackElo "2668"]
[WhiteElo "2630"]
[LiveChessVersion "1.4.8"]

1. d4 {[%clk 0:15:19]} d5 {[%clk 0:15:19]} 2. c4 {[%clk 0:15:28]} c6
{[%clk 0:15:29]} 3. Nf3 {[%clk 0:15:36]} Nf6 {[%clk 0:15:38]} 4. e3
{[%clk 0:15:46]} Bf5 {[%clk 0:15:41]} 5. Nc3 {[%clk 0:15:55]} a6 {[%clk 0:15:51]}
6. c5 {[%clk 0:16:03]} Nbd7 {[%clk 0:15:50]} 7. b4 {[%clk 0:16:04]} a5
{[%clk 0:15:35]} 8. b5 {[%clk 0:15:23]} e5 {[%clk 0:15:20]} 9. Bb2
{[%clk 0:15:03]} exd4 {[%clk 0:13:38]} 10. Nxd4 {[%clk 0:14:27]} Bg4
{[%clk 0:13:35]} 11. f3 {[%clk 0:14:36]} Be6 {[%clk 0:13:45]} 12. bxc6
{[%clk 0:14:42]} bxc6 {[%clk 0:13:53]} 13. Nxc6 {[%clk 0:14:50]} Qc7
{[%clk 0:13:52]} 14. Nd4 {[%clk 0:14:33]} Bxc5 {[%clk 0:14:00]} 15. Ncb5
{[%clk 0:14:21]} Qb6 {[%clk 0:12:27]} 16. Be2 {[%clk 0:14:13]} O-O
{[%clk 0:12:34]} 17. O-O {[%clk 0:14:13]} Rfe8 {[%clk 0:12:29]} 18. Kh1
{[%clk 0:13:56]} Rac8 {[%clk 0:12:01]} 19. Rb1 {[%clk 0:14:03]} Ne5
{[%clk 0:11:49]} 20. Nb3 {[%clk 0:13:48]} Bf5 {[%clk 0:09:58]} 21. Nxc5
{[%clk 0:06:21]} Rxc5 {[%clk 0:10:07]} 22. e4 {[%clk 0:04:56]} dxe4
{[%clk 0:10:08]} 23. f4 {[%clk 0:03:42]} Nf3 {[%clk 0:06:46]} 24. Rc1
{[%clk 0:01:38]} Rd5 {[%clk 0:06:27]} 25. Qa4 {[%clk 0:01:42]} Rd2
{[%clk 0:03:14]} 26. Bxf6 {[%clk 0:01:33]} Qxf6 {[%clk 0:03:00]} 27. Nd6
{[%clk 0:00:28]} Rd8 {[%clk 0:01:46]} 28. Nxe4 {[%clk 0:00:37]} Bxe4
{[%clk 0:01:22]} 29. Qxe4 {[%clk 0:00:45]} Nd4 {[%clk 0:01:21]} 30. Rce1
{[%clk 0:00:19]} Nxe2 {[%clk 0:00:53]} 31. Rxe2 {[%clk 0:00:28]} g6
{[%clk 0:01:00]} 32. h3 {[%clk 0:00:35]} Rxe2 {[%clk 0:00:58]} 33. Qxe2
{[%clk 0:00:14]} Rd5 {[%clk 0:00:56]} 34. Qe4 {[%clk 0:00:14]} Rf5 35. Kh2
{[%clk 0:00:21]} h5 {[%clk 0:01:04]} 36. Rf3 {[%clk 0:00:17]} h4 {[%clk 0:01:21]}
37. a3 Kg7 38. Qc4 {[%clk 0:00:23]} Qd6 {[%clk 0:01:15]} 39. Kh1 {[%clk 0:00:26]}
Rd5 {[%clk 0:00:53]} 40. Rf1 Qc5 {[%clk 0:01:03]} 41. Qxc5 {[%clk 0:00:14]} Rxc5
42. Rb1 Rc3 {[%clk 0:01:06]} 43. f5 {[%clk 0:00:21]} g5 {[%clk 0:01:05]} 44. a4
{[%clk 0:00:17]} Rc4 {[%clk 0:01:13]} 45. Rb6 {[%clk 0:00:13]} Rxa4
{[%clk 0:01:20]} 46. Ra6 {[%clk 0:00:14]} Ra1+ {[%clk 0:01:29]} 47. Kh2
{[%clk 0:00:23]} a4 {[%clk 0:01:39]} 48. g4 {[%clk 0:00:31]} hxg3+
{[%clk 0:01:24]} 49. Kxg3 a3 50. Kg2 {[%clk 0:00:16]} a2 {[%clk 0:01:37]} 51. Kh2
f6 {[%clk 0:01:14]} 52. Kg2 {[%clk 0:00:29]} Kf7 {[%clk 0:01:21]} 53. Kh2
{[%clk 0:00:38]} Ke7 {[%clk 0:01:30]} 54. Kg2 {[%clk 0:00:47]} Kd7 55. Kh2
{[%clk 0:00:55]} Kc7 {[%clk 0:01:49]} 56. Kg2 {[%clk 0:01:04]} Kb7
{[%clk 0:01:58]} 57. Ra4 Kc6 {[%clk 0:02:05]} 58. Ra5 {[%clk 0:01:20]} Kb6
{[%clk 0:02:14]} 59. Ra8 {[%clk 0:01:28]} Kc5 {[%clk 0:02:23]} 60. Kh2
{[%clk 0:01:30]} Kd4 {[%clk 0:02:31]} 61. Kg2 {[%clk 0:01:38]} Ke4 62. Ra5
{[%clk 0:01:45]} Kf4 {[%clk 0:02:49]} 63. Kh2 Kf3 {[%clk 0:02:25]} 64. Ra3+
{[%clk 0:01:31]} Kf2 {[%clk 0:02:34]} 65. Ra6 {[%clk 0:01:20]} Kf1 66. Kg3
{[%clk 0:00:54]} Kg1 {[%clk 0:01:43]} 67. h4 gxh4+ {[%clk 0:01:48]} 68. Kxh4
{[%clk 0:01:03]} Kf2 {[%clk 0:01:57]} 69. Kh5 {[%clk 0:00:57]} Ke3
{[%clk 0:01:05]} 70. Kg6 {[%clk 0:00:57]} Rg1+ {[%clk 0:01:12]} 71. Kxf6
{[%clk 0:01:05]} a1=R {[%clk 0:01:21]} 72. Rxa1 {[%clk 0:01:13]} Rxa1
{[%clk 0:01:30]} 73. Ke7 {[%clk 0:01:05]} Ke4 {[%clk 0:01:08]} 74. f6
{[%clk 0:01:14]} Ke5 {[%clk 0:01:18]} 75. f7 {[%clk 0:01:18]} Ra7+
{[%clk 0:01:27]} 76. Ke8 {[%clk 0:01:27]} Ke6 {[%clk 0:01:36]} 77. f8=N+
{[%clk 0:01:32]} Kd6 {[%clk 0:01:45]} 78. Ng6 {[%clk 0:01:35]} Rh7
{[%clk 0:01:41]} 79. Kf8 {[%clk 0:01:31]} Ke6 {[%clk 0:01:48]} 80. Kg8
{[%clk 0:01:39]} Ra7 {[%clk 0:01:54]} 81. Nf8+ {[%clk 0:01:41]} Kf5
{[%clk 0:01:48]} 82. Nh7 {[%clk 0:01:48]} Re7 {[%clk 0:01:45]} 83. Nf8
{[%clk 0:01:55]} Kg5 {[%clk 0:01:47]} 84. Nh7+ {[%clk 0:01:48]} Kh6
{[%clk 0:01:56]} 85. Nf8 {[%clk 0:01:49]} Rg7+ {[%clk 0:02:06]} 86. Kh8
{[%clk 0:01:58]} Rg1 {[%clk 0:02:15]} 87. Nh7 {[%clk 0:01:33]} Kg6
{[%clk 0:02:17]} 88. Kg8 {[%clk 0:01:41]} Rg2 {[%clk 0:02:19]} 89. Nf8+
{[%clk 0:00:56]} Kf6+ {[%clk 0:02:29]} 90. Kh8 {[%clk 0:01:03]} Kf7
{[%clk 0:02:38]} 91. Nd7 0-1

[Event "Russian Championship (Rapid, Men)"]
[Site "Sochi"]
[Date "2018.10.06"]
[Round "7.6"]
[White "Sjugirov, Sanan"]
[Black "Khanin, Semen"]
[Result "1/2-1/2"]
[BlackElo "2523"]
[WhiteElo "2735"]
[LiveChessVersion "1.4.8"]

1. d4 {[%clk 0:15:15]} Nf6 {[%clk 0:15:18]} 2. c4 {[%clk 0:15:14]} e6
{[%clk 0:15:26]} 3. Nc3 {[%clk 0:14:53]} Bb4 {[%clk 0:15:34]} 4. Qc2
{[%clk 0:14:59]} O-O {[%clk 0:15:35]} 5. a3 {[%clk 0:15:06]} Bxc3+
{[%clk 0:15:42]} 6. Qxc3 {[%clk 0:15:15]} b6 {[%clk 0:15:44]} 7. Bg5
{[%clk 0:14:35]} Bb7 {[%clk 0:15:51]} 8. e3 {[%clk 0:14:11]} d6 {[%clk 0:15:48]}
9. f3 {[%clk 0:14:14]} Nbd7 {[%clk 0:15:52]} 10. Nh3 {[%clk 0:14:14]} c5
{[%clk 0:15:23]} 11. dxc5 {[%clk 0:14:14]} dxc5 {[%clk 0:14:43]} 12. Be2
{[%clk 0:13:35]} h6 {[%clk 0:14:31]} 13. Bf4 {[%clk 0:12:01]} Qe7
{[%clk 0:14:34]} 14. Bg3 {[%clk 0:11:19]} e5 {[%clk 0:13:47]} 15. O-O-O
{[%clk 0:10:11]} Rfe8 {[%clk 0:13:23]} 16. Bh4 {[%clk 0:07:51]} Nf8
{[%clk 0:13:23]} 17. Bd3 {[%clk 0:07:52]} Rad8 {[%clk 0:12:51]} 18. Nf2
{[%clk 0:07:50]} Ng6 {[%clk 0:12:43]} 19. Bxg6 {[%clk 0:07:48]} fxg6
{[%clk 0:12:51]} 20. Bg3 {[%clk 0:04:49]} e4 {[%clk 0:11:14]} 21. f4
{[%clk 0:04:58]} Rxd1+ {[%clk 0:09:54]} 22. Rxd1 {[%clk 0:05:06]} Rd8
{[%clk 0:09:43]} 23. Rxd8+ {[%clk 0:04:10]} Qxd8 {[%clk 0:09:52]} 24. Bh4
{[%clk 0:03:54]} Qd6 {[%clk 0:09:37]} 25. Qd2 {[%clk 0:02:18]} Qxd2+
{[%clk 0:09:36]} 26. Kxd2 {[%clk 0:02:27]} Kf7 {[%clk 0:09:39]} 27. Kc3
{[%clk 0:02:23]} Ke6 {[%clk 0:09:43]} 28. g4 {[%clk 0:02:18]} Ne8
{[%clk 0:09:26]} 29. b3 {[%clk 0:02:15]} Nd6 {[%clk 0:09:32]} 30. a4
{[%clk 0:02:13]} Bc6 {[%clk 0:09:27]} 31. h3 {[%clk 0:02:14]} Nf7
{[%clk 0:09:04]} 32. Bg3 {[%clk 0:02:15]} Nd6 {[%clk 0:09:08]} 33. Kc2
{[%clk 0:02:16]} a6 {[%clk 0:08:47]} 34. Nd1 {[%clk 0:02:08]} b5 {[%clk 0:08:14]}
35. cxb5 {[%clk 0:00:56]} axb5 {[%clk 0:08:23]} 36. Nb2 {[%clk 0:01:05]} bxa4
{[%clk 0:07:24]} 37. bxa4 {[%clk 0:01:13]} Bb7 {[%clk 0:07:03]} 38. Be1
{[%clk 0:00:58]} Ba6 {[%clk 0:06:52]} 39. Bc3 {[%clk 0:01:00]} Bf1
{[%clk 0:06:18]} 40. Bxg7 {[%clk 0:00:21]} Bxh3 {[%clk 0:06:26]} 41. Bxh6
{[%clk 0:00:23]} Bxg4 {[%clk 0:06:33]} 42. Bf8 {[%clk 0:00:30]} Nb7
{[%clk 0:04:30]} 43. Nc4 {[%clk 0:00:33]} Be2 {[%clk 0:04:39]} 44. Kc3
{[%clk 0:00:37]} Kd5 {[%clk 0:04:23]} 45. Nd2 {[%clk 0:00:14]} Na5
{[%clk 0:04:23]} 46. Kc2 {[%clk 0:00:14]} Bd3+ {[%clk 0:04:24]} 47. Kc3
{[%clk 0:00:23]} Be2 {[%clk 0:04:31]} 48. Kc2 {[%clk 0:00:15]} Bd3+
{[%clk 0:04:30]} 49. Kc3 {[%clk 0:00:17]} Be2 {[%clk 0:04:38]} 50. Kc2
{[%clk 0:00:25]} Ke5 1/2-1/2

[Event "Russian Championship (Rapid, Men)"]
[Site "Sochi"]
[Date "2018.10.06"]
[Round "7.7"]
[White "Iljiushenok, Ilia"]
[Black "Matlakov, Maxim"]
[Result "0-1"]
[BlackElo "2678"]
[WhiteElo "2611"]
[LiveChessVersion "1.4.8"]

1. e4 {[%clk 0:15:19]} e5 {[%clk 0:14:35]} 2. Nf3 {[%clk 0:15:22]} Nc6
{[%clk 0:14:44]} 3. d4 {[%clk 0:14:51]} exd4 {[%clk 0:14:52]} 4. Nxd4
{[%clk 0:15:00]} Bc5 {[%clk 0:15:00]} 5. Be3 {[%clk 0:15:09]} Qf6
{[%clk 0:15:06]} 6. c3 {[%clk 0:15:18]} Nge7 {[%clk 0:15:13]} 7. Bc4
{[%clk 0:15:27]} b6 {[%clk 0:15:21]} 8. O-O {[%clk 0:15:31]} Bb7 {[%clk 0:15:29]}
9. Nb3 {[%clk 0:15:29]} Bxe3 {[%clk 0:11:43]} 10. fxe3 {[%clk 0:15:37]} Qg5
{[%clk 0:11:45]} 11. Bxf7+ {[%clk 0:15:15]} Kd8 {[%clk 0:11:54]} 12. Rf4
{[%clk 0:12:59]} Ne5 {[%clk 0:11:11]} 13. Nd4 {[%clk 0:13:00]} Kc8
{[%clk 0:10:58]} 14. Nf3 {[%clk 0:12:16]} Nxf3+ {[%clk 0:11:03]} 15. Qxf3
{[%clk 0:12:24]} Nc6 {[%clk 0:09:59]} 16. Bd5 {[%clk 0:12:14]} Re8
{[%clk 0:08:50]} 17. Nd2 {[%clk 0:11:03]} Ne5 {[%clk 0:08:54]} 18. Qe2
{[%clk 0:11:09]} Bxd5 {[%clk 0:03:49]} 19. exd5 {[%clk 0:11:18]} Kb7
{[%clk 0:03:58]} 20. Ra4 {[%clk 0:07:50]} Ng6 {[%clk 0:03:25]} 21. Ne4
{[%clk 0:01:26]} Qxd5 {[%clk 0:03:22]} 22. Rd1 {[%clk 0:01:35]} Qc6
{[%clk 0:01:40]} 23. Qa6+ {[%clk 0:01:36]} Kb8 {[%clk 0:01:49]} 24. Rc4
{[%clk 0:01:45]} Qe6 {[%clk 0:01:44]} 25. Rb4 {[%clk 0:01:07]} d5
{[%clk 0:01:19]} 26. Rbd4 {[%clk 0:00:51]} c6 {[%clk 0:00:49]} 27. c4
{[%clk 0:01:00]} Ne7 {[%clk 0:00:40]} 28. Nc3 {[%clk 0:00:39]} Qxe3+
{[%clk 0:00:43]} 29. Kh1 {[%clk 0:00:43]} Nf5 {[%clk 0:00:49]} 0-1